Proliferation of New Technologies into Accounting and Auditing Profession and Practice

Táto štúdia skúma, ako štyri veľké účtovnícke firmy – Deloitte, PwC, EY a KPMG – uvádzajú nové technológie vo svojich firemných správach v rámci šiestich kľúčových tém. Pomocou kvalitatívnej obsahovej analýzy sme preskúmali kľúčové správy z rokov 2019 až 2023 s cieľom identifikovať frekvenciu a kont...

Full description

Saved in:
Bibliographic Details
Main Author: Macová, Natália, 2000-
Other Authors: Bednárová, Michaela, 1987-
Format: Book Chapter
Language:English
Subjects:
Tags: Add Tag
No Tags, Be the first to tag this record!

MARC

LEADER 00000naa$a2200000$$$4500
001 0311812
005 20250806120424.4
041 0 |a eng 
044 |a SK 
245 1 0 |a Proliferation of New Technologies into Accounting and Auditing Profession and Practice  |c Natália Macová, Michaela Bednárová 
520 |a Táto štúdia skúma, ako štyri veľké účtovnícke firmy – Deloitte, PwC, EY a KPMG – uvádzajú nové technológie vo svojich firemných správach v rámci šiestich kľúčových tém. Pomocou kvalitatívnej obsahovej analýzy sme preskúmali kľúčové správy z rokov 2019 až 2023 s cieľom identifikovať frekvenciu a kontext týchto technológií. Zistenia ukazujú, že umelá inteligencia sa často spája s automatizáciou, efektívnosťou a inováciami služieb, zatiaľ čo blockchain sa spája s transparentnosťou, dôverou a riadením rizík. 
610 2 0 |a technológie nové 
610 2 0 |a účtovníctvo 
610 2 0 |a firmy 
610 2 0 |a inteligencia umelá 
610 2 0 |a automatizácia 
610 2 0 |a riziko 
100 1 |a Macová, Natália, 2000- 
700 1 |a Bednárová, Michaela, 1987-